000 00630nam a2200229 a 4500
005 20140310183243.0
008 040818s19uu xx 00 eng d
020 _a8171413684
050 _aLB 1044.8
_b.Si617 2004
100 _aSingh, U.K.
245 _aBroadcasting education /
_cU.K. Singh
260 _aNew Delhi :
_bDiscovery Publishing House,
_c2004.
300 _a207 p. :
_c22 cm.
500 _aIncludes index.
521 _aMC
650 _aBroadcasting.
650 _aRadio Broadcasting.
650 _aTelevision
_xVocational guidance.
700 _aSudarshan, K.N.
942 _cBK
_2lcc
_kFOR
999 _c20638
_d20638